| 000 | 00501nam a2200205Ia 4500 | ||
|---|---|---|---|
| 008 | 170918s9999 xx 000 0 und d | ||
| 020 | _a9780439803595 | ||
| 050 | _bV246 2003 | ||
| 100 | _aVan Draanen, Wendelin | ||
| 245 | _aSammy Keyes : | ||
| 245 | _band the art of deception / | ||
| 245 | _cWendelin Van Draanen. | ||
| 260 | _aNew York : | ||
| 260 | _bScholastic, | ||
| 260 | _c2003 | ||
| 300 | _a272 pages : | ||
| 300 | _bcolored illustration ; | ||
| 300 | _c19cm. | ||
| 500 | _a660 | ||
| 999 |
_c341905 _d341905 |
||